[Event "MPJ_D16"]
[Site "?"]
[Date "2016.03.13"]
[Round "1.16"]
[White "Krzywnicka, Maria"]
[Black "Luka, Agnieszka"]
[Result "1-0"]
[BlackElo "1313"]
[WhiteElo "1646"]
[LiveChessVersion "1.4.8"]

1. e4 {[%clk 1:30:57]} c5 {[%clk 1:30:30]} 2. Nc3 {[%clk 1:31:22]} Nc6
{[%clk 1:30:51]} 3. g3 {[%clk 1:31:45]} g6 {[%clk 1:31:03]} 4. Bg2
{[%clk 1:32:04]} d6 {[%clk 1:31:22]} 5. d3 {[%clk 1:32:26]} Bg7 {[%clk 1:31:37]}
6. Be3 {[%clk 1:32:41]} e6 {[%clk 1:30:59]} 7. Qd2 {[%clk 1:33:06]} Nge7
{[%clk 1:31:09]} 8. Bh6 {[%clk 1:33:24]} O-O {[%clk 1:31:18]} 9. h4
{[%clk 1:33:25]} Nd4 {[%clk 1:30:18]} 10. Bxg7 {[%clk 1:33:31]} Kxg7
{[%clk 1:30:37]} 11. h5 {[%clk 1:33:50]} Kg8 {[%clk 1:28:57]} 12. Qh6
{[%clk 1:29:40]} Nef5 {[%clk 1:18:43]} 13. exf5 {[%clk 1:29:06]} Nxf5
{[%clk 1:18:53]} 14. Qd2 {[%clk 1:28:05]} Qe7 {[%clk 1:13:16]} 15. Nf3
{[%clk 1:24:55]} f6 {[%clk 0:57:51]} 16. hxg6 {[%clk 1:22:44]} hxg6
{[%clk 0:56:46]} 17. O-O-O {[%clk 1:21:27]} Bd7 {[%clk 0:53:33]} 18. Rh2
{[%clk 1:21:04]} g5 {[%clk 0:49:43]} 19. Rdh1 {[%clk 1:20:52]} Kf7
{[%clk 0:48:10]} 20. Rh7+ {[%clk 1:20:34]} Ng7 {[%clk 0:48:05]} 21. Qe2
{[%clk 1:20:27]} Rg8 {[%clk 0:46:32]} 22. Nd2 {[%clk 1:19:09]} Bc6
{[%clk 0:43:57]} 23. f4 {[%clk 1:19:04]} gxf4 {[%clk 0:38:22]} 24. gxf4
{[%clk 1:19:22]} Ke8 {[%clk 0:38:06]} 25. Bxc6+ {[%clk 1:16:23]} bxc6
{[%clk 0:38:19]} 26. Qe4 {[%clk 1:16:34]} Kd7 {[%clk 0:35:13]} 27. Qa4
{[%clk 1:16:09]} Rgf8 {[%clk 0:30:22]} 28. d4 {[%clk 1:15:45]} cxd4
{[%clk 0:29:55]} 29. Qxd4 {[%clk 1:16:00]} Rf7 {[%clk 0:29:33]} 30. Qd3
{[%clk 1:15:19]} Nf5 {[%clk 0:27:52]} 31. Qa6 {[%clk 1:14:07]} Rc8
{[%clk 0:22:05]} 32. Rh8 {[%clk 1:11:49]} Rc7 {[%clk 0:19:46]} 33. Qd3
{[%clk 1:07:57]} Rf8 {[%clk 0:18:30]} 34. Rxf8 {[%clk 1:05:41]} Qxf8
{[%clk 0:18:09]} 35. Qh3 {[%clk 1:04:32]} Kd8 {[%clk 0:16:58]} 36. Qh8
{[%clk 1:04:40]} Ke8 {[%clk 0:15:34]} 37. Nde4 {[%clk 1:04:02]} Rf7
{[%clk 0:14:54]} 38. Qxf8+ {[%clk 1:02:23]} Kxf8 {[%clk 0:14:54]} 39. Rh8+
{[%clk 1:02:03]} Kg7 {[%clk 0:14:59]} 40. Rc8 {[%clk 1:31:43]} c5
{[%clk 0:41:50]} 41. Rd8 {[%clk 1:31:40]} Rf8 {[%clk 0:39:43]} 42. Rxf8
{[%clk 1:31:51]} Kxf8 {[%clk 0:40:06]} 43. Nxf6 {[%clk 1:32:13]} Ke7
{[%clk 0:39:27]} 44. Nfe4 {[%clk 1:31:23]} Nd4 {[%clk 0:38:17]} 45. Kd2
{[%clk 1:30:55]} Kd7 {[%clk 0:36:53]} 46. Ne2 {[%clk 1:28:53]} Nc6
{[%clk 0:36:24]} 47. N2g3 {[%clk 1:26:32]} Ne7 {[%clk 0:35:24]} 48. Nh5
{[%clk 1:22:26]} Nf5 {[%clk 0:33:28]} 49. Neg3 {[%clk 1:21:20]} Ne7
{[%clk 0:32:37]} 50. Ng7 {[%clk 1:19:38]} Nd5 {[%clk 0:31:47]} 51. f5
{[%clk 1:17:11]} exf5 {[%clk 0:31:12]} 52. N7xf5 {[%clk 1:16:01]} Nb6
{[%clk 0:30:55]} 53. Ne4 {[%clk 1:14:43]} Nc8 {[%clk 0:30:56]} 54. Kd3
{[%clk 1:10:17]} Ke6 {[%clk 0:30:42]} 55. Ne3 {[%clk 1:03:16]} Nb6
{[%clk 0:28:52]} 56. c4 {[%clk 1:00:47]} Kd7 {[%clk 0:28:36]} 57. Nc3
{[%clk 0:58:14]} Kc6 {[%clk 0:28:05]} 58. Ned5 {[%clk 0:57:51]} Nc8
{[%clk 0:24:48]} 59. Ke4 {[%clk 0:52:05]} Kd7 {[%clk 0:24:01]} 60. Nb5
{[%clk 0:52:02]} Ke6 {[%clk 0:22:35]} 61. Nbc7+ {[%clk 0:50:53]} Kd7
{[%clk 0:21:45]} 62. Nb5 {[%clk 0:51:07]} Ke6 {[%clk 0:21:23]} 63. Kd3
{[%clk 0:50:52]} Kd7 {[%clk 0:21:19]} 64. Kc3 {[%clk 0:50:23]} Kc6
{[%clk 0:20:54]} 65. Kb3 {[%clk 0:50:06]} Kb7 {[%clk 0:20:20]} 66. Nbc7
{[%clk 0:46:45]} Kc6 {[%clk 0:19:34]} 67. Ka4 {[%clk 0:45:32]} Kb7
{[%clk 0:14:07]} 68. Ne8 {[%clk 0:42:51]} Ka6 {[%clk 0:12:56]} 69. Ndc7+
{[%clk 0:41:33]} Kb6 {[%clk 0:12:27]} 70. Nb5 {[%clk 0:41:19]} Kc6
{[%clk 0:12:04]} 71. Nexd6 {[%clk 0:39:02]} Nxd6 {[%clk 0:11:49]} 72. Nxd6
{[%clk 0:39:38]} Kxd6 {[%clk 0:12:10]} 73. Kb5 1-0

[Event "MPJ_D16"]
[Site "?"]
[Date "2016.03.13"]
[Round "1.18"]
[White "Krzysztynska, Anna"]
[Black "Waszkowiak, Kinga"]
[Result "1-0"]
[BlackElo "1044"]
[WhiteElo "1643"]
[LiveChessVersion "1.4.8"]

1. e4 {[%clk 1:30:58]} c5 {[%clk 1:30:53]} 2. c3 {[%clk 1:31:19]} g6
{[%clk 1:31:08]} 3. Nf3 {[%clk 1:31:30]} Bg7 {[%clk 1:30:39]} 4. Bc4
{[%clk 1:24:06]} e6 {[%clk 1:21:03]} 5. d3 {[%clk 1:14:03]} d5 {[%clk 1:09:36]}
6. exd5 {[%clk 1:11:26]} exd5 {[%clk 1:09:45]} 7. Bb5+ {[%clk 1:08:20]} Bd7
{[%clk 1:06:39]} 8. Bxd7+ {[%clk 1:07:12]} Nxd7 {[%clk 1:03:13]} 9. O-O
{[%clk 1:06:49]} Ne7 {[%clk 1:01:34]} 10. Bf4 {[%clk 0:58:45]} Nb6
{[%clk 0:54:36]} 11. Re1 {[%clk 0:55:05]} O-O {[%clk 0:54:17]} 12. a4
{[%clk 0:49:37]} Rc8 {[%clk 0:44:34]} 13. a5 {[%clk 0:37:51]} Nd7
{[%clk 0:42:34]} 14. a6 {[%clk 0:29:15]} b6 {[%clk 0:36:01]} 15. Na3
{[%clk 0:26:37]} Nc6 {[%clk 0:24:22]} 16. Nb5 {[%clk 0:23:26]} Nf6
{[%clk 0:19:51]} 17. Qd2 {[%clk 0:16:25]} Qd7 {[%clk 0:18:00]} 18. Nd6
{[%clk 0:13:11]} Ra8 {[%clk 0:17:25]} 19. Nb5 {[%clk 0:09:48]} Nh5
{[%clk 0:13:07]} 20. h3 {[%clk 0:05:21]} Nxf4 {[%clk 0:12:20]} 21. Qxf4
{[%clk 0:04:05]} h6 {[%clk 0:08:30]} 22. Rad1 Rfe8 {[%clk 0:05:25]} 23. Na3
{[%clk 0:01:53]} Rxe1+ {[%clk 0:03:57]} 24. Rxe1 {[%clk 0:02:18]} Re8
{[%clk 0:04:07]} 25. Re3 {[%clk 0:01:53]} Rxe3 {[%clk 0:03:54]} 26. fxe3 Qe7
{[%clk 0:02:15]} 27. Nb5 {[%clk 0:01:22]} Kh7 {[%clk 0:01:45]} 28. d4
{[%clk 0:01:02]} Kg8 {[%clk 0:00:57]} 29. Kf2 {[%clk 0:00:53]} Kh7
{[%clk 0:00:45]} 30. Nc7 {[%clk 0:01:17]} Qd8 {[%clk 0:00:42]} 31. Qxf7
{[%clk 0:01:34]} Qf8 {[%clk 0:00:36]} 32. Qxf8 {[%clk 0:01:53]} Bxf8
{[%clk 0:01:02]} 33. Nxd5 {[%clk 0:02:08]} cxd4 {[%clk 0:01:14]} 34. exd4
{[%clk 0:02:07]} Kg7 {[%clk 0:01:36]} 35. Ke3 {[%clk 0:01:54]} Bd6
{[%clk 0:01:53]} 36. b4 {[%clk 0:01:49]} b5 {[%clk 0:01:52]} 37. Nd2
{[%clk 0:01:43]} Nb8 {[%clk 0:02:07]} 38. Ne4 {[%clk 0:02:01]} Bf8
{[%clk 0:01:37]} 39. Nc7 {[%clk 0:02:05]} g5 {[%clk 0:01:27]} 40. Ne6+
{[%clk 0:31:19]} Kf7 {[%clk 0:31:39]} 41. Nxf8 {[%clk 0:31:41]} Kxf8
{[%clk 0:31:57]} 42. Nd6 {[%clk 0:31:56]} Nxa6 {[%clk 0:30:54]} 43. Nxb5
{[%clk 0:32:19]} Nc7 {[%clk 0:31:16]} 44. Nxc7 {[%clk 0:32:43]} 1-0

[Event "MPJ_D16"]
[Site "?"]
[Date "2016.03.14"]
[Round "2.1"]
[White "Kaczmarska, Joanna"]
[Black "Krzywnicka, Maria"]
[Result "0-1"]
[BlackElo "1646"]
[WhiteElo "2013"]
[LiveChessVersion "1.4.8"]

1. d4 {[%clk 1:30:58]} Nf6 {[%clk 1:30:53]} 2. c4 {[%clk 1:31:23]} c5
{[%clk 1:31:13]} 3. d5 {[%clk 1:19:03]} e6 {[%clk 1:31:33]} 4. Nc3
{[%clk 1:18:33]} exd5 {[%clk 1:31:56]} 5. cxd5 {[%clk 1:18:25]} d6
{[%clk 1:32:20]} 6. e4 {[%clk 1:17:30]} g6 {[%clk 1:32:42]} 7. Bd3
{[%clk 1:14:18]} Bg7 {[%clk 1:32:38]} 8. Nge2 {[%clk 1:13:10]} O-O
{[%clk 1:32:11]} 9. O-O {[%clk 1:12:22]} a6 {[%clk 1:31:24]} 10. a4
{[%clk 1:11:59]} Nbd7 {[%clk 1:29:54]} 11. h3 {[%clk 1:03:47]} Ne5
{[%clk 1:24:12]} 12. Bc2 {[%clk 1:03:32]} Rb8 {[%clk 1:23:34]} 13. f4
{[%clk 1:00:26]} Ned7 {[%clk 1:20:18]} 14. Bd3 {[%clk 0:55:44]} Ne8
{[%clk 1:19:27]} 15. Qc2 {[%clk 0:47:25]} Nc7 {[%clk 1:17:02]} 16. a5
{[%clk 0:47:06]} b5 {[%clk 1:12:44]} 17. axb6 {[%clk 0:47:27]} Rxb6
{[%clk 1:11:07]} 18. Be3 {[%clk 0:44:23]} Nb5 {[%clk 1:08:31]} 19. Rac1
{[%clk 0:38:42]} Rb8 {[%clk 1:03:04]} 20. Rf3 {[%clk 0:30:02]} Nb6
{[%clk 0:50:01]} 21. b3 {[%clk 0:23:02]} Bd7 {[%clk 0:41:08]} 22. g4
{[%clk 0:22:45]} Rc8 {[%clk 0:39:11]} 23. Qa2 {[%clk 0:14:34]} Nd4
{[%clk 0:25:09]} 24. Bxd4 {[%clk 0:13:40]} cxd4 {[%clk 0:22:45]} 25. Nd1
{[%clk 0:12:05]} Rxc1 {[%clk 0:21:24]} 26. Nxc1 {[%clk 0:12:31]} Bb5
{[%clk 0:21:46]} 27. Ne2 {[%clk 0:12:01]} Nd7 {[%clk 0:21:00]} 28. Nf2
{[%clk 0:10:00]} Nc5 {[%clk 0:19:13]} 29. Bxb5 {[%clk 0:10:15]} axb5
{[%clk 0:19:20]} 30. b4 {[%clk 0:10:05]} Na4 {[%clk 0:19:18]} 31. Qd2
{[%clk 0:09:56]} Nc3 {[%clk 0:17:38]} 32. Nxd4 {[%clk 0:09:15]} Bxd4
{[%clk 0:17:51]} 33. Rxc3 {[%clk 0:08:12]} Bxc3 {[%clk 0:17:46]} 34. Qxc3
{[%clk 0:08:38]} Qh4 {[%clk 0:15:39]} 35. e5 {[%clk 0:07:52]} dxe5
{[%clk 0:15:21]} 36. fxe5 {[%clk 0:08:06]} f5 {[%clk 0:13:50]} 37. d6
{[%clk 0:02:32]} Qd8 {[%clk 0:08:35]} 38. Qc6 {[%clk 0:02:17]} Qh4
{[%clk 0:01:53]} 39. Qd5+ {[%clk 0:02:27]} Kh8 {[%clk 0:01:57]} 40. Qd3
{[%clk 0:31:26]} fxg4 {[%clk 0:31:15]} 41. Nxg4 {[%clk 0:26:55]} h5
{[%clk 0:28:55]} 42. e6 {[%clk 0:15:09]} hxg4 {[%clk 0:24:26]} 43. Qd4+
{[%clk 0:06:06]} Kg8 {[%clk 0:22:13]} 44. Qxg4 {[%clk 0:04:16]} Qf2+
{[%clk 0:21:18]} 45. Kh1 {[%clk 0:04:39]} Qf1+ {[%clk 0:21:32]} 46. Kh2
{[%clk 0:04:13]} Rf2+ {[%clk 0:21:51]} 47. Kg3 {[%clk 0:02:59]} Rg2+
{[%clk 0:22:10]} 0-1

[Event "MPJ_D16"]
[Site "?"]
[Date "2016.03.14"]
[Round "2.2"]
[White "Kwiatkowska, Agnieszka"]
[Black "Parol, Pola"]
[Result "1/2-1/2"]
[BlackElo "1893"]
[WhiteElo "1643"]
[LiveChessVersion "1.4.8"]

1. e4 {[%clk 1:30:59]} c5 {[%clk 1:30:53]} 2. Nc3 {[%clk 1:31:18]} Nc6
{[%clk 1:31:13]} 3. g3 {[%clk 1:31:35]} g6 {[%clk 1:31:14]} 4. Bg2
{[%clk 1:31:56]} Bg7 {[%clk 1:31:35]} 5. d3 {[%clk 1:32:15]} d6 {[%clk 1:31:29]}
6. Be3 {[%clk 1:32:34]} Rb8 {[%clk 1:31:12]} 7. Qd2 {[%clk 1:32:18]} b5
{[%clk 1:31:18]} 8. f4 {[%clk 1:29:44]} b4 {[%clk 1:31:07]} 9. Nd1
{[%clk 1:30:05]} e6 {[%clk 1:30:09]} 10. Nf3 {[%clk 1:29:29]} Nd4
{[%clk 1:28:20]} 11. c3 {[%clk 1:24:12]} Nxf3+ {[%clk 1:26:19]} 12. Bxf3
{[%clk 1:24:30]} bxc3 {[%clk 1:22:25]} 13. bxc3 {[%clk 1:24:52]} Ne7
{[%clk 1:20:23]} 14. d4 {[%clk 1:18:36]} Qa5 {[%clk 1:16:10]} 15. e5
{[%clk 0:59:45]} dxe5 {[%clk 1:10:03]} 16. dxe5 {[%clk 1:00:03]} Nd5
{[%clk 1:01:04]} 17. O-O {[%clk 0:52:59]} O-O {[%clk 0:54:06]} 18. Bxd5
{[%clk 0:47:09]} Rd8 {[%clk 0:53:51]} 19. Qf2 {[%clk 0:47:28]} Rxd5
{[%clk 0:48:15]} 20. c4 {[%clk 0:47:17]} Rd3 {[%clk 0:45:33]} 21. Bxc5
{[%clk 0:41:04]} Rd2 {[%clk 0:45:19]} 22. Qe3 {[%clk 0:41:23]} Rxa2
{[%clk 0:42:24]} 23. Rxa2 {[%clk 0:40:10]} Qxa2 {[%clk 0:42:38]} 24. Qd4
{[%clk 0:39:44]} Ba6 {[%clk 0:37:00]} 25. Bxa7 {[%clk 0:35:49]} Rc8
{[%clk 0:28:45]} 26. Rf2 {[%clk 0:32:08]} Qxc4 {[%clk 0:28:11]} 27. Qxc4
{[%clk 0:32:02]} Rxc4 {[%clk 0:27:50]} 28. Rd2 {[%clk 0:31:54]} Bf8
{[%clk 0:26:44]} 29. Ne3 {[%clk 0:31:13]} Rc7 {[%clk 0:25:02]} 30. Bd4
{[%clk 0:29:12]} h5 {[%clk 0:24:31]} 31. Rc2 {[%clk 0:29:00]} Rd7
{[%clk 0:23:06]} 32. Bc5 {[%clk 0:28:51]} Bg7 {[%clk 0:20:10]} 33. Bd6
{[%clk 0:28:10]} f6 {[%clk 0:19:17]} 34. Rc6 {[%clk 0:21:39]} Bb7
{[%clk 0:18:27]} 35. Rc7 {[%clk 0:22:01]} Rxc7 {[%clk 0:18:43]} 36. Bxc7
{[%clk 0:22:25]} fxe5 {[%clk 0:18:04]} 37. Bxe5 {[%clk 0:22:08]} Bxe5
{[%clk 0:17:01]} 38. fxe5 {[%clk 0:22:30]} Kf7 {[%clk 0:11:28]} 39. Kf2
{[%clk 0:21:48]} Be4 {[%clk 0:10:15]} 40. h4 {[%clk 0:50:20]} Ke7
{[%clk 0:39:50]} 41. Ng2 {[%clk 0:49:13]} Kd7 1/2-1/2

[Event "MPJ_D16"]
[Site "?"]
[Date "2016.03.14"]
[Round "2.3"]
[White "Daliga, Anita"]
[Black "Karykowska, Anna"]
[Result "1/2-1/2"]
[BlackElo "1832"]
[WhiteElo "1632"]
[LiveChessVersion "1.4.8"]

1. e4 {[%clk 1:30:57]} c5 {[%clk 1:30:54]} 2. Nf3 {[%clk 1:31:19]} e6
{[%clk 1:31:14]} 3. c4 {[%clk 1:31:12]} Nc6 {[%clk 1:30:52]} 4. d4
{[%clk 1:31:11]} cxd4 {[%clk 1:29:48]} 5. Nxd4 {[%clk 1:31:26]} Bb4+
{[%clk 1:26:38]} 6. Nc3 {[%clk 1:26:55]} Nf6 {[%clk 1:21:09]} 7. Nxc6
{[%clk 1:14:57]} bxc6 {[%clk 1:20:07]} 8. Bd2 {[%clk 1:10:35]} e5
{[%clk 1:15:56]} 9. Bd3 {[%clk 1:09:01]} O-O {[%clk 1:14:00]} 10. O-O
{[%clk 1:02:42]} d6 {[%clk 1:05:45]} 11. h3 {[%clk 1:02:46]} Ne8 {[%clk 1:02:20]}
12. a3 {[%clk 0:57:45]} Bc5 {[%clk 1:01:00]} 13. Kh1 {[%clk 0:53:47]} Qh4
{[%clk 0:55:32]} 14. Qf3 {[%clk 0:47:50]} Nc7 {[%clk 0:52:24]} 15. Be3
{[%clk 0:39:30]} Ne6 {[%clk 0:46:54]} 16. Bxc5 {[%clk 0:32:09]} Nxc5
{[%clk 0:46:38]} 17. Rad1 {[%clk 0:30:02]} Be6 {[%clk 0:36:12]} 18. Qe3
{[%clk 0:26:31]} Rfd8 {[%clk 0:31:09]} 19. b4 {[%clk 0:21:38]} Nxd3
{[%clk 0:27:17]} 20. Qxd3 {[%clk 0:21:35]} f5 {[%clk 0:26:13]} 21. Kh2
{[%clk 0:11:38]} fxe4 {[%clk 0:21:19]} 22. Qxe4 {[%clk 0:08:05]} Qxe4
{[%clk 0:20:29]} 23. Nxe4 {[%clk 0:08:29]} Bxc4 {[%clk 0:20:35]} 24. Rfe1
{[%clk 0:08:48]} Bd5 {[%clk 0:18:36]} 25. Nc3 {[%clk 0:08:17]} Bb3
{[%clk 0:14:59]} 26. Rd2 {[%clk 0:08:09]} Kf7 {[%clk 0:12:31]} 27. Ne4
{[%clk 0:06:55]} Bd5 {[%clk 0:08:56]} 28. Nc3 {[%clk 0:05:59]} Bc4
{[%clk 0:08:23]} 29. Ne4 {[%clk 0:04:34]} d5 {[%clk 0:06:55]} 30. Nc5
{[%clk 0:04:20]} Kf6 {[%clk 0:06:04]} 31. Kg3 {[%clk 0:03:30]} Re8
{[%clk 0:04:44]} 32. f3 {[%clk 0:03:24]} Re7 {[%clk 0:04:43]} 33. Rc1
{[%clk 0:02:33]} a5 {[%clk 0:03:54]} 34. Ne4+ {[%clk 0:01:48]} Ke6
{[%clk 0:02:37]} 35. Nc5+ {[%clk 0:01:49]} Kf7 {[%clk 0:02:32]} 36. Ne4
{[%clk 0:01:28]} dxe4 {[%clk 0:01:29]} 37. Rxc4 {[%clk 0:01:52]} exf3
{[%clk 0:01:27]} 38. Kxf3 {[%clk 0:02:16]} axb4 {[%clk 0:01:37]} 39. axb4
{[%clk 0:02:42]} Re6 {[%clk 0:00:43]} 40. Ke4 {[%clk 0:32:03]} Ra1
{[%clk 0:30:41]} 41. Rdc2 {[%clk 0:26:24]} Re1+ {[%clk 0:27:40]} 42. Kf3
{[%clk 0:24:55]} Rf6+ {[%clk 0:25:59]} 43. Kg3 {[%clk 0:24:34]} Re3+
{[%clk 0:24:46]} 44. Kh2 {[%clk 0:21:36]} Rb3 {[%clk 0:22:47]} 45. Rxc6
{[%clk 0:17:20]} Rxc6 {[%clk 0:20:36]} 46. Rxc6 {[%clk 0:17:42]} Rxb4
{[%clk 0:21:04]} 47. Kg3 {[%clk 0:16:04]} Rf4 {[%clk 0:18:42]} 48. h4
{[%clk 0:13:50]} h5 {[%clk 0:14:50]} 49. Ra6 {[%clk 0:12:49]} Rf6
{[%clk 0:14:19]} 50. Ra7+ {[%clk 0:10:42]} Kg6 {[%clk 0:14:09]} 51. Re7
{[%clk 0:10:22]} Rf5 {[%clk 0:12:17]} 52. Re6+ {[%clk 0:09:53]} Kf7
{[%clk 0:12:00]} 53. Ra6 {[%clk 0:09:49]} Rf4 {[%clk 0:10:21]} 54. Rb6
{[%clk 0:09:38]} g6 {[%clk 0:10:14]} 55. Ra6 {[%clk 0:06:29]} Rf6
{[%clk 0:09:39]} 56. Ra5 {[%clk 0:05:08]} Ke6 {[%clk 0:09:34]} 57. Rb5
{[%clk 0:05:01]} Kf5 {[%clk 0:08:46]} 58. Kf3 {[%clk 0:04:35]} Ra6
{[%clk 0:08:28]} 59. Rb3 {[%clk 0:03:18]} Ra1 {[%clk 0:07:46]} 60. g3
{[%clk 0:02:19]} Ra4 {[%clk 0:05:12]} 61. Rc3 {[%clk 0:01:51]} Rd4
{[%clk 0:04:24]} 62. Rc6 {[%clk 0:01:01]} Rd3+ {[%clk 0:02:54]} 63. Kf2
{[%clk 0:01:20]} Ra3 {[%clk 0:03:01]} 64. Rb6 {[%clk 0:01:29]} Ra8
{[%clk 0:02:31]} 65. Rc6 {[%clk 0:01:44]} Re8 {[%clk 0:02:51]} 66. Ke3
{[%clk 0:02:06]} Re6 {[%clk 0:02:41]} 67. Rc4 {[%clk 0:02:16]} Ra6
{[%clk 0:02:28]} 68. Rc3 {[%clk 0:02:29]} Ra4 {[%clk 0:01:28]} 69. Rb3
{[%clk 0:02:26]} Rg4 {[%clk 0:01:34]} 70. Kf3 {[%clk 0:02:22]} e4+
{[%clk 0:01:38]} 71. Kf2 {[%clk 0:02:35]} Ke5 {[%clk 0:01:14]} 72. Ra3
{[%clk 0:03:00]} Kd4 {[%clk 0:01:22]} 73. Rb3 {[%clk 0:03:18]} Kc4
{[%clk 0:00:41]} 74. Ra3 {[%clk 0:03:42]} Kb4 {[%clk 0:00:35]} 75. Re3
{[%clk 0:03:51]} Kc4 1/2-1/2

[Event "MPJ_D16"]
[Site "?"]
[Date "2016.03.14"]
[Round "2.4"]
[White "Dwilewicz, Agata"]
[Black "Krzysztynska, Anna"]
[Result "0-1"]
[BlackElo "1643"]
[WhiteElo "1813"]
[LiveChessVersion "1.4.8"]

1. e4 {[%clk 1:30:58]} e5 {[%clk 1:30:53]} 2. Nf3 {[%clk 1:31:19]} Nc6
{[%clk 1:31:16]} 3. Bb5 {[%clk 1:31:29]} a6 {[%clk 1:31:24]} 4. Ba4
{[%clk 1:31:51]} Nf6 {[%clk 1:31:28]} 5. d3 {[%clk 1:32:04]} b5 {[%clk 1:31:22]}
6. Bb3 {[%clk 1:32:29]} Be7 {[%clk 1:30:41]} 7. Nc3 {[%clk 1:32:34]} O-O
{[%clk 1:28:45]} 8. a4 {[%clk 1:31:55]} b4 {[%clk 1:22:58]} 9. Nd5
{[%clk 1:30:44]} a5 {[%clk 1:21:00]} 10. O-O {[%clk 1:24:07]} d6 {[%clk 1:13:17]}
11. h3 {[%clk 1:22:52]} h6 {[%clk 1:02:05]} 12. c3 {[%clk 1:21:20]} Be6
{[%clk 1:00:30]} 13. Bd2 {[%clk 1:20:33]} Rb8 {[%clk 0:58:07]} 14. cxb4
{[%clk 1:04:20]} Bxd5 {[%clk 0:53:56]} 15. exd5 {[%clk 1:03:43]} Nxb4
{[%clk 0:53:28]} 16. Bc4 {[%clk 0:56:36]} Qc8 {[%clk 0:46:49]} 17. Rc1
{[%clk 0:51:20]} Qb7 {[%clk 0:41:07]} 18. Bxb4 {[%clk 0:46:39]} Qxb4
{[%clk 0:31:24]} 19. b3 {[%clk 0:40:25]} Qb7 {[%clk 0:27:36]} 20. Qe1
{[%clk 0:32:51]} Nxd5 {[%clk 0:24:03]} 21. d4 {[%clk 0:19:18]} Bf6
{[%clk 0:16:12]} 22. dxe5 {[%clk 0:19:29]} dxe5 {[%clk 0:15:38]} 23. Qxa5
{[%clk 0:15:56]} Nf4 {[%clk 0:13:50]} 24. Bb5 {[%clk 0:08:38]} Nxh3+
{[%clk 0:09:06]} 25. Kh2 {[%clk 0:08:34]} Ng5 {[%clk 0:06:13]} 26. Nxg5
{[%clk 0:08:35]} Bxg5 {[%clk 0:06:13]} 27. Rxc7 {[%clk 0:06:41]} Qe4
{[%clk 0:05:32]} 28. Qc3 {[%clk 0:06:06]} Rbd8 {[%clk 0:04:01]} 29. Bd7
{[%clk 0:03:56]} Qg6 {[%clk 0:02:57]} 30. Qxe5 {[%clk 0:03:16]} Qd3
{[%clk 0:02:42]} 31. Bb5 {[%clk 0:03:07]} Qxb3 {[%clk 0:02:06]} 32. Rc4
{[%clk 0:02:21]} Qd3 {[%clk 0:01:33]} 33. Re4 {[%clk 0:02:06]} Qb3
{[%clk 0:01:04]} 34. Rg4 {[%clk 0:01:31]} Rd5 {[%clk 0:01:01]} 35. Qe2
{[%clk 0:01:37]} Qc3 {[%clk 0:00:58]} 36. Rc4 {[%clk 0:01:18]} Qf6
{[%clk 0:01:16]} 37. Qe4 {[%clk 0:01:16]} Rfd8 {[%clk 0:01:05]} 38. Rc6
{[%clk 0:00:52]} Bf4+ {[%clk 0:01:16]} 39. Kg1 {[%clk 0:00:43]} Qh4
{[%clk 0:00:42]} 40. g3 {[%clk 0:31:01]} Rg5 {[%clk 0:30:59]} 41. Rc3
{[%clk 0:22:14]} Bxg3 {[%clk 0:23:28]} 42. Qxh4 {[%clk 0:22:13]} Bxh4+
{[%clk 0:23:48]} 43. Kh2 {[%clk 0:22:39]} Rd2 {[%clk 0:19:13]} 44. Rf3
{[%clk 0:18:13]} Rd4 {[%clk 0:15:44]} 45. Rc1 {[%clk 0:10:41]} f5
{[%clk 0:09:29]} 46. a5 {[%clk 0:08:08]} Bxf2 {[%clk 0:07:45]} 47. a6
{[%clk 0:04:57]} Rh4+ {[%clk 0:07:50]} 48. Rh3 {[%clk 0:05:26]} Bg3+
{[%clk 0:07:47]} 49. Kg2 {[%clk 0:05:33]} Be5+ {[%clk 0:07:19]} 50. Kf1
{[%clk 0:04:44]} Rxh3 {[%clk 0:06:43]} 51. Rc8+ {[%clk 0:04:57]} Kh7
{[%clk 0:06:49]} 52. a7 {[%clk 0:05:09]} Ra3 {[%clk 0:05:41]} 53. a8=Q
{[%clk 0:05:22]} Rxa8 {[%clk 0:06:08]} 54. Rxa8 {[%clk 0:05:50]} h5
{[%clk 0:05:54]} 55. Bd3 {[%clk 0:05:11]} h4 {[%clk 0:05:01]} 56. Ra4
{[%clk 0:02:50]} Bg3 {[%clk 0:04:03]} 57. Kg2 {[%clk 0:02:54]} g6
{[%clk 0:03:05]} 0-1

[Event "MPJ_D16"]
[Site "?"]
[Date "2016.03.14"]
[Round "2.5"]
[White "Kalinowska, Karolina"]
[Black "Buchta, Agnieszka"]
[Result "1-0"]
[BlackElo "1807"]
[WhiteElo "1571"]
[LiveChessVersion "1.4.8"]

1. e4 {[%clk 1:30:58]} c5 {[%clk 1:30:50]} 2. Nf3 {[%clk 1:31:23]} d6
{[%clk 1:31:09]} 3. d4 {[%clk 1:31:45]} cxd4 {[%clk 1:31:35]} 4. Nxd4
{[%clk 1:32:09]} Nf6 {[%clk 1:31:57]} 5. Nc3 {[%clk 1:32:14]} Bd7
{[%clk 1:32:07]} 6. Be2 {[%clk 1:32:02]} e5 7. Nb3 {[%clk 1:31:42]} Bc6
{[%clk 1:31:14]} 8. Bf3 {[%clk 1:30:08]} Be7 {[%clk 1:29:40]} 9. O-O
{[%clk 1:29:57]} O-O {[%clk 1:29:31]} 10. Be3 {[%clk 1:28:52]} Nbd7
{[%clk 1:19:53]} 11. Re1 {[%clk 1:25:40]} b5 {[%clk 1:18:53]} 12. Qd3
{[%clk 1:24:11]} a6 {[%clk 1:03:50]} 13. Rad1 {[%clk 1:19:35]} b4
{[%clk 1:00:37]} 14. Ne2 {[%clk 1:19:43]} a5 {[%clk 0:56:29]} 15. Ng3
{[%clk 1:17:44]} a4 {[%clk 0:50:37]} 16. Nd2 {[%clk 1:16:38]} Nc5
{[%clk 0:40:38]} 17. Bxc5 {[%clk 1:14:02]} dxc5 {[%clk 0:40:56]} 18. Nf5
{[%clk 1:14:03]} Qc7 {[%clk 0:35:15]} 19. Nxe7+ {[%clk 1:12:30]} Qxe7
{[%clk 0:33:41]} 20. Qe3 {[%clk 1:11:20]} Bb5 {[%clk 0:21:56]} 21. Nf1
{[%clk 1:11:18]} c4 {[%clk 0:19:03]} 22. Ng3 {[%clk 1:07:03]} g6 {[%clk 0:17:40]}
23. Be2 {[%clk 1:04:56]} Rfc8 {[%clk 0:16:21]} 24. Nf1 {[%clk 0:55:04]} Bd7
{[%clk 0:10:47]} 25. Qg5 {[%clk 0:52:50]} Qe6 {[%clk 0:08:16]} 26. Bf3
{[%clk 0:47:24]} Rab8 {[%clk 0:05:31]} 27. Ne3 {[%clk 0:47:13]} Bc6
{[%clk 0:00:42]} 28. Ng4 {[%clk 0:47:15]} Nxg4 {[%clk 0:00:34]} 29. Bxg4
{[%clk 0:47:39]} Qe8 {[%clk 0:00:35]} 30. Bxc8 {[%clk 0:47:59]} Rxc8
{[%clk 0:01:03]} 31. h3 {[%clk 0:47:20]} Bd7 {[%clk 0:00:41]} 32. Rd5
{[%clk 0:46:28]} Be6 {[%clk 0:00:33]} 33. Rxe5 {[%clk 0:46:15]} Kg7
{[%clk 0:00:36]} 34. Rc5 {[%clk 0:44:20]} Rd8 {[%clk 0:00:33]} 35. Qe5+
{[%clk 0:42:49]} f6 {[%clk 0:00:40]} 36. Rc7+ {[%clk 0:42:47]} Rd7
{[%clk 0:00:36]} 37. Qd6 {[%clk 0:42:15]} Rxc7 {[%clk 0:00:31]} 38. Qxc7+
{[%clk 0:42:36]} Kh6 {[%clk 0:00:32]} 39. Rd1 {[%clk 0:40:40]} b3
{[%clk 0:00:32]} 40. cxb3 {[%clk 1:08:23]} cxb3 {[%clk 0:30:32]} 41. a3
{[%clk 1:05:50]} Qa8 {[%clk 0:25:12]} 42. Qf4+ {[%clk 1:04:34]} Kg7
{[%clk 0:25:15]} 43. Rc1 {[%clk 1:03:31]} Qa6 {[%clk 0:23:01]} 44. Rc7+
{[%clk 1:01:41]} Bf7 {[%clk 0:20:12]} 45. e5 {[%clk 0:59:25]} f5 {[%clk 0:18:47]}
46. Qd4 {[%clk 0:53:32]} Qe6 {[%clk 0:16:21]} 47. Qd6 {[%clk 0:52:11]} Qxd6
{[%clk 0:10:02]} 48. exd6 {[%clk 0:52:29]} Kf6 {[%clk 0:10:10]} 49. d7
{[%clk 0:52:40]} Ke7 {[%clk 0:09:39]} 50. d8=Q+ {[%clk 0:53:01]} Kxd8
{[%clk 0:09:56]} 51. Rxf7 {[%clk 0:53:26]} 1-0